000 00801nam a2200205 i 4500
001 95219
003 ES-MaACL
005 20230906181647.0
007 t|
008 050524s1947 sp ||||1| spa d
100 1 _aLuis, Rafael de.
_974685
245 1 3 _aUn año crítico en Inglaterra :
_b[conferencia pronunciada el día 14 de noviembre de 1947 en la Escuela Social de Madrid] /
_cpor Rafael de Luis.
260 _aMadrid :
_b[Escuela Social de Madrid],
_c1947 (
_fGráf. Barragán)
300 _a23 p. ;
_c24 cm.
594 _aPrecede al tít.: Ministerio de Trabajo. Escuela Social de Madrid.
651 4 _aInglaterra-
_xSituación social.
_9162682
651 4 _aInglaterra-
_xSituación económica-
_yS.XX.
_9173595
710 2 _aEscuela Social de Madrid.
_93593
852 _aES-MaACL
_j1873-F-18
999 _c95219
_d95219